| 000 | 01509cam a2200325 a 4500 | ||
|---|---|---|---|
| 999 |
_c329608 _d329608 |
||
| 001 | 13849865 | ||
| 003 | NUST | ||
| 005 | 20170516113004.0 | ||
| 008 | 050125s2005 nyua bf 001 0 eng | ||
| 010 | _a 2005271109 | ||
| 020 | _a0824753488 (acidfree paper) | ||
| 040 |
_aDLC _cDLC _dDLC |
||
| 050 | 0 | 0 |
_aQD79.I5 _bA49 2005 |
| 082 | 0 | 0 |
_a543.19 CAZ _222 |
| 245 | 0 | 0 |
_aEwing's analytical instrumentation handbook. _c[Edited] by Jack Cazes. |
| 246 | 3 | 0 | _aAnalytical instrumentation handbook |
| 250 |
_a3rd ed. / _bedited by Jack Cazes. |
||
| 260 |
_aNew York : _bMarcel Dekker, _cc2005. |
||
| 300 |
_axxiv, 1037 p. : _bill. ; _c29 cm. |
||
| 500 | _aRev. ed. of: Analytical instrumentation handbook / edited by Galen Wood Ewing. 2nd ed., rev. and expanded. c1997. | ||
| 501 | _aH.B | ||
| 504 | _aIncludes bibliographical references and index. | ||
| 650 | 0 |
_aInstrumental analysis _vHandbooks, manuals, etc. _9820 |
|
| 650 | 0 |
_aChemistry, Analytic _xInstruments _vHandbooks, manuals, etc. _9821 |
|
| 700 | 1 |
_aCazes, Jack, _d1934- _9822 |
|
| 700 | 1 |
_aEwing, Galen Wood, _d1914- _9823 |
|
| 730 | 0 |
_aAnalytical instrumentation handbook. _9824 |
|
| 856 | 4 | 2 |
_3Publisher description _uhttp://www.loc.gov/catdir/enhancements/fy0647/2005271109-d.html |
| 906 |
_a7 _bcbc _corigcop _d2 _encip _f20 _gy-gencatlg |
||
| 942 |
_2ddc _cBK _k543.19 CAZ |
||